LIBRARY & INFORMATION CENTRE, KCAET, TAVANUR

ONLINE PUBLIC ACCESS CATALOGUE (OPAC)

Drying studies of oyster mushroom (Record no. 14983)

MARC details
000 -LEADER
fixed length control field 00585nam a22001817a 4500
003 - CONTROL NUMBER IDENTIFIER
control field OSt
088 ## - REPORT NUMBER
Report number P 172
100 ## - MAIN ENTRY--AUTHOR NAME
Personal name ATHIRA P
-- BINITHA V. PAI
245 ## - TITLE STATEMENT
Title Drying studies of oyster mushroom
260 ## - PUBLICATION, DISTRIBUTION, ETC. (IMPRINT)
Place of publication Tavanur 2007
Name of publisher Kelappaji college of Agricultural Engineering and Technology
300 ## - PHYSICAL DESCRIPTION
Number of Pages 55
500 ## - GENERAL NOTE
General note Drying studies of oyster mushroom
520 ## - SUMMARY, ETC.
Summary, etc Drying studies of oyster mushroom
700 ## - ADDED ENTRY--PERSONAL NAME
Personal name Dr. Santhi Mary Mathew (Guide)
856 ## - ELECTRONIC LOCATION AND ACCESS
Uniform Resource Identifier https://drive.google.com/open?id=1PgMnI-U4ypvCk44MIrNGyBcr7_U9WbyN
942 ## - ADDED ENTRY ELEMENTS (KOHA)
Koha item type Project Report
Holdings
Collection code Home library Current library Shelving location Full call number Accession Number Koha item type
Reference KAUAET KAUAET Reference 631.56 ATH/DR P 172 Project Report
free website counter